• 首页
  • 本馆介绍
  • 公告通知
  • 最新文献
  • 馆藏检索
  • 电子资源
  • 读者导购
  • 参考咨询
  • 我的图书馆
  • 登录
  • 详细信息显示
  • 放入我的书架
  • 预约/预借图书
  • 作者相关作品
  • 分类相关作品
  • 丛书相关作品
  • 出版社相关作品

书目信息

  • 表格格式
  • 工作单格式
  • 卡片格式
题名:
农村机电排灌设备检修简明手册
    
 
作者: ;中国农业机械化科学研究院第三研究室 编 ;第八机械工业部图书杂志编辑部图书编辑室 编辑
分册: 中册   电动机与起动设备
出版信息: 北京   中国工业出版社  1966
页数: 50页
开本: 19cm
丛书名:
单 册:
中图分类: S277.9
科图分类:
主题词: 排灌机械--检修
电子资源:
ISBN: 15165.4745(八机-106)
000 01040cam0 2200253 450
001 0105506700
005 20080121150214.0
010    @a15165.4745(八机-106)@dCNY0.16
091    @a15165.4745(八机-106)@dCNY0.16
100    @a19960318d1966 em y0chiy0110 ea
101 0  @achi
102    @aCN@b110000
105    @af z 000yy
106    @ar
200 1  @a农村机电排灌设备检修简明手册@9Nong Cun Ji Dian Pai Guan She Bei Jian Xiu Jian Ming Shou Ce @i电动机与起动设备@f中国农业机械化科学研究院第三研究室编@g第八机械工业部图书杂志编辑部图书编辑室编辑@h中册@b专著
210    @a北京@c中国工业出版社@d1966
215    @a50页@c图表@d19cm
606 0  @a排灌机械@x检修
690    @aS277.9@v3
711 02 @a中国农业机械化科学研究院第三研究室@9zhong guo nong ye ji xie hua ke xue yan jiu yuan di san yan jiu shi@4编
712 02 @a第八机械工业部图书杂志编辑部图书编辑室@9di ba ji xie gong ye bu tu shu za zhi bian ji bu tu shu bian ji shi@4编辑
801  0 @aCN@b广东省中山图书馆
801  2 @aCN@bAiZhiMarc
905    @aBZT@dS277.9@e1:2@f2@sS277.9/1:2
    
    农村机电排灌设备检修简明手册.电动机与起动设备/中国农业机械化科学研究院第三研究室编/第八机械工业部图书杂志编辑部图书编辑室编辑.中册.-北京:中国工业出版社,1966
    50页:图表;19cm
    
    
    ISBN 15165.4745(八机-106):CNY0.16
    
●
相关链接 在五车中查询图书 在当当中查询图书 在豆瓣中查询图书


正题名:农村机电排灌设备检修简明手册     索取号:S277.9/1:2         预约/预借

序号 登录号 条形码 馆藏地/架位号 状态 备注
1 2000089061   2000089061   旧书回溯/ [索取号:S277.9/1:2] 在馆    
2 2000089062   2000089062   旧书回溯/ [索取号:S277.9/1:2] 在馆    
山东省滨州职业学院图书馆 欢迎您!
大连网信软件有限公司© 版权所有